000 00757cam a2200169 4500
001 WB3828-08
008 020730n2002 000 0 eng u
035 _a(Sirsi) u119098
245 _aHousing statistics: December quarter 2001
260 _c2002
490 _aODPM Statistical Release
_v(HS-Q4) 25 July 2002, (2)
520 _aThis supplement to ODPM annual compendium of housing statistics covers housing renewals, disabled facilities grants, sales and transfer of local authority dwellings (including right-to-buy), house prices, mortgage and land costs, and rents. Housing statistics www.housing.odpm.gov.uk/research/hss/index.htm www.odpm.gov.uk/news/0207/hs-q4.htm
590 _aWB
650 _aSTATISTICS
690 _aHOUSING
942 _n0
999 _c70844
_d70844